000 01358nam0a22003491 4500
001 RU\INFOCOMM_322\NLR\5000261345
005 20250614080503.0
035 _a(NLR Aleph) 010602828
090 _a10543056
_c10543056
100 _a20130324d1990 |||y0rusy50 ca
101 0 _aeng
102 _aRU
105 _ay z||||
200 1 _aPhase space of the Yang-Nills fields
_fL. V. Prokhorov, S. V. Shabanov
210 _aДубна
_cОбъед. ин-т ядер. исслед.
_d1990
215 _a10 с.
_d21 см
225 1 _aОбъединенный институт ядерных исследований, Дубна
_vЕ2-90-207
300 _aНа 3-й с. обл.: Фазовое пространство полей Янга-Миллса / Прохоров Л. В., Шабанов С. В.
300 _aРез. на рус. яз.
300 _a"Submitted to "Mod. physics letters A""
320 _aБиблиогр.: с. 9-10
606 0 _aПоле (физ.) Янга-Миллса
_2nlr_sh1
686 _aВ315.2
_2rubbk
700 1 _9z01790
_aProchorov
_bL. V.
_gLev Vasil'evič
701 1 _9z02790
_aŠabanov
_bS. V.
790 1 _9z01700
_aProkhorov
_bL. V.
_4070
790 1 _9z02701
_aShabanov
_bS. V.
_4070
801 1 _aRU
_bInfocomm
_c20130324
801 0 _aRU
_bINFOCOMM
_gPSBO
852 _aNLR
_jФз01 Д-4/5952
942 _cBOOK
980 _aNB